Study of natural convection by interferometer (Record no. 323512)

000 -LEADER
fixed length control field 00342 a2200133 4500
001 - CONTROL NUMBER
control field 88439
082 ## - DEWEY DECIMAL CLASSIFICATION NUMBER
Classification number PR 654
090 ## - LOCALLY ASSIGNED LC-TYPE CALL NUMBER (OCLC); LOCAL CALL NUMBER (RLIN)
-- 41864
-- 41864
100 ## - MAIN ENTRY--PERSONAL NAME
Personal name Sajjad Ahmed
245 ## - TITLE STATEMENT
Title Study of natural convection by interferometer
260 ## - PUBLICATION, DISTRIBUTION, ETC.
Place of publication, distribution, etc. Karachi
Name of publisher, distributor, etc. University of Karachi
Date of publication, distribution, etc. 1971
300 ## - PHYSICAL DESCRIPTION
Extent 55p.
500 ## - GENERAL NOTE
General note BE Project Reports
942 ## - ADDED ENTRY ELEMENTS (KOHA)
Institution code [OBSOLETE] University of Karachi
Call number prefix PR 654
Holdings
Withdrawn status Lost status Damaged status Not for loan Collection code Permanent Location Current Location Date acquired Total Checkouts Full call number Barcode Date last seen Price effective from Koha item type
          College of Aeronautical Engineering (CAE) College of Aeronautical Engineering (CAE) 04/03/2017   PR 654 CAEPR-654 04/05/2017 04/05/2017 Book
© 2023 Central Library, National University of Sciences and Technology. All Rights Reserved.